| 000 | 00910cam a2200205 4500 | ||
|---|---|---|---|
| 001 | a106693 | ||
| 008 | 000000n2000 000 0 eng u | ||
| 035 | _a(Sirsi) u106693 | ||
| 245 | _aRight to buy | ||
| 260 | _c2000 | ||
| 490 |
_aEstates Gazette Case Summaries _v[2000] EGCS 59 |
||
| 520 | _a"Caradon DC v Paton; Caradon DC v Bussell" CA 10 May 2000. Council tenants excercising right to buy. Purchasers covenanting not to use properties for any purpose other than as private dwelling-house. Properties being let for short-term holiday use. Whether use as private dwelling -house. Application for injunction for breach of covenant. Application refused. Appeal allowed. | ||
| 650 | _aCARADON DC V PATON | ||
| 650 | _aCARADON DC V BUSSELL | ||
| 650 | _aRIGHT TO BUY | ||
| 650 | _aPRIVATE DWELLING HOUSE | ||
| 650 | _aHOLIDAY LETTINGS | ||
| 690 | _aPROPERTY AND LAND LAW-CASE LAW | ||
| 942 | _n0 | ||
| 999 |
_c63876 _d63876 |
||